| 000 | 00971cam a2200277 a 4500 | ||
|---|---|---|---|
| 008 | |||
| 020 | _a9781137286642 (hbk.) | ||
| 049 | _aMAIN | ||
| 090 |
_aHC1055 _bDIB |
||
| 100 | 1 | _aDibua, Jeremiah I. | |
| 245 | 1 | 0 |
_aDevelopment and diffusionism: looking beyond neopatrimonialism in Nigeria, 1962-1985 / _cJeremiah I. Dibua. |
| 260 |
_aNew York : _bPalgrave Macmillan, _c2013. |
||
| 300 |
_axviii, 255 p. : _bmaps ; _c24 cm. |
||
| 500 | _aIncludes index. | ||
| 504 | _aIncludes bbliographical references (p. [223]-243. | ||
| 650 | 0 |
_aEconomic development _xGovernment policy _zNigeria. |
|
| 651 | 0 |
_aNigeria _xEconomic conditions _y20th century. |
|
| 651 | 0 |
_aNigeria _xEconomic policy. |
|
| 651 | 0 |
_aNigeria _xForeign economic relations. |
|
| 650 | 0 |
_aPolitical corruption _zNigeria. |
|
| 907 |
_a.b10337945 _b13-01-14 _c18-11-13 |
||
| 003 | |||
| 005 | 20230123122042.0 | ||
| 040 | _cNUST | ||
| 942 |
_cBOOKS _kHC1055 _mDIB |
||
| 999 |
_c126970 _d126970 |
||